The utilization of the energy of feed by growing chickens /

Bibliographic Details
Main Author: Fraps, G. S. (George Stronach), 1876-
Other Authors: Carlyle, Elmer Cardinal, 1886-
Format: Government Document Book
Language:English
Published: College Station, Tex. : Texas Agricultural Experiment Station, 1939.
Series:Bulletin (Texas Agricultural Experiment Station) ; no. 571.
Subjects:

MARC

Tag First Indicator Second Indicator Subfields
LEADER 00000cam a2200000Ia 4500
001 in00002467149
005 20151110121752.0
008 850918s1939 txu b s000 0 eng d
035 |a (OCoLC)ocm12571151 
035 |a (OCoLC)12571151 
040 |a TWT  |c TWT  |d AGL  |d OCL  |d TAI  |d OCLCQ  |d OCLCG  |d TXA  |d UtOrBLW 
049 |a TXAM 
070 0 |a 100  |b T31S (1) no.571 
072 0 |a L500 
086 |a Z TA245.7 B873 no.571  |2 txdocs 
092 |a 630.7  |b T31b, no.571 
100 1 |a Fraps, G. S.  |q (George Stronach),  |d 1876- 
245 1 4 |a The utilization of the energy of feed by growing chickens /  |c G.S. Fraps and E.C. Carlyle. 
264 1 |a College Station, Tex. :  |b Texas Agricultural Experiment Station,  |c 1939. 
300 |a 44 pages ;  |c 23 cm. 
336 |a text  |b txt  |2 rdacontent 
337 |a unmediated  |b n  |2 rdamedia 
338 |a volume  |b nc  |2 rdacarrier 
490 1 |a Bulletin / Texas Agricultural Experiment Station ;  |v no. 571 
500 |a Caption title. 
500 |a "March 1939." 
504 |a Includes bibliographical references (pages 43-44). 
650 0 |a Poultry  |x Feeding and feeds. 
650 0 |a Animal nutrition. 
650 0 |a Poultry  |x Feed utilization efficiency. 
700 1 |a Carlyle, Elmer Cardinal,  |d 1886- 
830 0 |a Bulletin (Texas Agricultural Experiment Station) ;  |v no. 571. 
994 |a C0  |b TXA 
948 |a cataloged  |b h  |c 2009/06/05  |e mansari  |f 08:37:02 am 
999 |a MARS 
999 f f |s 895d8992-619d-3a75-b460-1b1222ce228a  |i 89d00492-01fc-3688-89e7-bc7bb9b142e4  |t 0 
952 f f |p normal  |a Texas A&M University  |b College Station  |c Sterling C. Evans Library  |d Evans: Texas Documents (Annex 5th floor)  |t 0  |e Z TA245.7 B873 no.566-575  |h Superintendent of Documents classification  |i unmediated -- volume  |k no.566-575  |l 1938:Sept-1939:June  |m A14816384980 
952 f f |a Texas A&M University  |b College Station  |c Sterling C. Evans Library  |d Evans: Texas Documents (Annex 5th floor)  |t 0  |e Z TA245.7 B873 no.566-575  |h Superintendent of Documents classification 
998 f f |a Z TA245.7 B873 no.566-575  |s 566-575  |t 0  |l Evans: Texas Documents (Annex 5th floor)